000 00361cam a22001097a 4500
008 180718b1970 xxu||||| |||| 00| 0 eng d
082 _aN111x42 Un3r
245 _aReport of the committee on boy entrants and young servicemen
_cby Her Majesty's Stationery Office
260 _aLondon
_bThe author
_c1970
300 _a61p.
700 _aHer Majesty's Stationery Office
999 _c493804
_d493804